|
|
|
|
| LEADER |
00000nab a2200000 a 4500 |
| 001 |
vtls000510202 |
| 003 |
SK-MaSNL |
| 005 |
20260304171848.0 |
| 008 |
250425c1994 xo 0 slo |
| 015 |
|
|
|a SNBRB19rr/mm-uuuuu
|
| 035 |
|
|
|a CL0510340
|
| 035 |
|
|
|a urn:nbn:sk:snk-abcqu
|
| 035 |
|
|
|a (urnnbn)urn:nbn:sk:snk:ar-002bu4
|
| 035 |
|
|
|a (uuid)e441527e-371a-4fde-8284-82cb1a51d758
|
| 040 |
|
|
|a SNKBUCL
|b slo
|c SNKBUCL
|e AACR2
|
| 041 |
0 |
|
|a hun
|
| 044 |
|
|
|a xo
|c SK
|
| 080 |
|
|
|a 371(437.6=945.11)(091):323.15(437.6=945.11)
|2 1981
|
| 080 |
|
|
|a 323.15(437.6=945.11)
|2 1981
|
| 080 |
|
|
|a 376.7(437.6=945.11)
|2 1981
|
| 100 |
1 |
|
|a Popély, Gyula,
|d 1945-
|4 aut
|9 85478
|
| 245 |
1 |
0 |
|a A felvidéki magyar oktatásügy helyzete 1918-1945
|b (vázlatos áttekintés)
|c Gyula Popély
|
| 300 |
|
|
|b Lit. 56 zázn. v slov.,maď.
|
| 500 |
|
|
|a Dokončenie
|
| 650 |
0 |
7 |
|a školy s vyučovacím jazykom maďarským
|2 snkbucl
|9 335681
|
| 655 |
|
7 |
|a články z novín a časopisov
|2 snkbucl
|9 267496
|
| 773 |
0 |
|
|t Kalligram
|g Č. 2 (1994), s. 83-97
|
| 850 |
|
|
|a Slovenská národná knižnica
|
| 852 |
|
|
|a Slovenská národná knižnica
|
| 958 |
|
|
|a article27
|
| 958 |
|
|
|a OND
|
| 958 |
|
|
|a RK
|
| 958 |
|
|
|a HU
|
| 992 |
|
|
|a RBX
|
| 999 |
|
|
|c 2995294
|d 2997224
|